[Event "GRE-chT 49th"]
[Site "Thessaloniki"]
[Date "2022.08.16"]
[Round "6.9"]
[White "Leftheriotis, Alexandros"]
[Black "Themelis, Georgios"]
[Result "1-0"]
[WhiteElo "1902"]
[BlackElo "1926"]
[PlyCount "95"]
[EventDate "2022.08.12"]
[EventType "team-swiss"]
[EventRounds "7"]
[EventCountry "GRE"]
[SourceTitle "CBM 209 Extra"]
[Source "ChessBase"]
[SourceDate "2022.09.30"]
[SourceVersion "1"]
[SourceVersionDate "2022.09.30"]
[SourceQuality "1"]
[WhiteTeam "Kerkeras"]
[BlackTeam "Kalamarias"]
[WhiteTeamCountry "GRE"]
[BlackTeamCountry "GRE"]

1. e4 c5 2. Nf3 d6 3. Bb5+ Nd7 4. d4 cxd4 5. Nxd4 Ngf6 6. 0-0 g6 7. c4 Bg7 8. Nc3 0-0 9. Bxd7 Bxd7 10. b3 Qa5 11. Bb2 Rac8 12. Re1 Qg5 13. Nd5 Nxd5 14. exd5 Bg4 15. Qd3 Rce8 16. Re4 Bf5 17. Rae1 Bxe4 18. Rxe4 e5 19. dxe6 fxe6 20. Ba3 Qf6 21. Qe2 e5 22. Nb5 Rd8 23. Nc3 Qe6 24. Nd5 Rf5 25. Qd3 Rdf8 26. f3 R8f7 27. Bb4 Bf8 28. a4 g5 29. Bd2 h5 30. h3 Be7 31. Be3 b6 32. Bf2 Bd8 33. b4 Rg7 34. b5 Rg6 35. a5 bxa5 36. Bxa7 Qf7 37. b6 a4 38. c5 dxc5 39. Ne3 Bxb6 40. Bxb6 Rxb6 41. Qd8+ Qf8 42. Qxb6 Rf6 43. Qa5 Qd6 44. Qxa4 Kg7 45. Nc4 Qd5 46. Nxe5 Rb6 47. Qa7+ Rb7 48. Qa6 1-0

[Event "GRE-chT 49th"]
[Site "Thessaloniki"]
[Date "2022.08.13"]
[Round "2.8"]
[White "Themelis, Georgios"]
[Black "Giannoulakis, Labros"]
[Result "0-1"]
[WhiteElo "1926"]
[BlackElo "2346"]
[PlyCount "70"]
[EventDate "2022.08.12"]
[EventType "team-swiss"]
[EventRounds "7"]
[EventCountry "GRE"]
[SourceTitle "CBM 209 Extra"]
[Source "ChessBase"]
[SourceDate "2022.09.30"]
[SourceVersion "1"]
[SourceVersionDate "2022.09.30"]
[SourceQuality "1"]
[WhiteTeam "Kalamarias"]
[BlackTeam "Neapolis Sykeon"]
[WhiteTeamCountry "GRE"]
[BlackTeamCountry "GRE"]

1. e4 e5 2. Nf3 Nc6 3. Bb5 a6 4. Ba4 Nf6 5. d3 b5 6. Bb3 Be7 7. 0-0 d6 8. c3 0-0 9. Re1 Na5 10. Bc2 c5 11. Nbd2 Nc6 12. Nf1 h6 13. Ng3 Be6 14. d4 cxd4 15. cxd4 Bg4 16. Be3 Rc8 17. Bb3 exd4 18. Bxd4 Nxd4 19. Qxd4 Nd7 20. Qe3 Bf6 21. Nd4 Nb6 22. h3 Nc4 23. Bxc4 Rxc4 24. Nxb5 axb5 25. hxg4 Bxb2 26. Rab1 Bd4 27. Qe2 Qc7 28. Red1 Qc5 29. Rd2 g6 30. Nf1 Re8 31. Qf3 Re6 32. Rbd1 Rf6 33. Qg3 Rc3 34. Ne3 Bxe3 35. fxe3 Rxe3 0-1

[Event "Thessaloniki/Chalkidiki-chT"]
[Site "Thessaloniki/Chalkidiki"]
[Date "2019.01.20"]
[Round "2.4"]
[White "Vlassis, Georgios"]
[Black "Themelis, Georgios"]
[Result "1-0"]
[WhiteElo "2044"]
[BlackElo "1942"]
[PlyCount "141"]
[EventDate "2019.01.13"]
[EventType "team-tourn"]
[EventRounds "9"]
[EventCountry "GRE"]
[SourceTitle "EXT 2020"]
[Source "ChessBase"]
[SourceDate "2019.10.17"]
[SourceVersion "1"]
[SourceVersionDate "2019.10.17"]
[SourceQuality "1"]
[WhiteTeam "Thessaloniki SO Sach"]
[BlackTeam "Kalamarias ES"]
[WhiteTeamCountry "GRE"]
[BlackTeamCountry "GRE"]

1. Nf3 Nf6 2. d4 g6 3. Bg5 Bg7 4. Nbd2 c5 5. Bxf6 Bxf6 6. Ne4 Qb6 7. Nxf6+ Qxf6 8. c3 cxd4 9. cxd4 d5 10. Rc1 Nc6 11. e3 0-0 12. Qb3 Qd6 13. Be2 a5 14. Rc5 a4 15. Qxd5 Qxd5 16. Rxd5 Be6 17. Rb5 Bxa2 18. 0-0 Rfb8 19. Nd2 Ra5 20. Rb6 Na7 21. Ra1 Be6 22. b4 Rd5 23. Bc4 Nc8 24. Rxe6 fxe6 25. Bxd5 exd5 26. Rxa4 Nb6 27. Ra7 Nc8 28. Ra2 Nd6 29. Kf1 Kf7 30. Ke2 Rc8 31. Kd3 Nc4 32. Rc2 b5 33. Ra2 Nxd2 34. Rxd2 Rc4 35. Rb2 Kf6 36. f3 e6 37. e4 h5 38. h4 g5 39. hxg5+ Kxg5 40. exd5 exd5 41. Re2 Rxb4 42. Re5+ Kg6 43. Rxd5 Rb2 44. g3 b4 45. Ke4 Re2+ 46. Kf4 b3 47. Rd6+ Kf7 48. Rb6 b2 49. Kg5 Rg2 50. Kf4 Rd2 51. Kf5 Rxd4 52. Rb7+ Kg8 53. Rxb2 Kg7 54. Rb7+ Kh6 55. Rb6+ Kg7 56. Re6 Rd3 57. Kf4 Ra3 58. Re3 Ra4+ 59. Re4 Ra3 60. Rb4 Ra5 61. Rb3 Kf6 62. Rb6+ Kg7 63. Re6 Ra3 64. Re3 Ra4+ 65. Kg5 Ra5+ 66. Kh4 Kg6 67. f4 Ra1 68. Re6+ Kf7 69. Rb6 Ra3 70. Rb5 Kg6 71. Rg5+ 1-0

[Event "White Tower rapid op"]
[Site "Thessaloniki"]
[Date "2017.12.29"]
[Round "5"]
[White "Giannoulakis, Labros"]
[Black "Themelis, Georgios"]
[Result "1-0"]
[WhiteElo "2140"]
[BlackElo "1710"]
[PlyCount "47"]
[EventDate "2017.12.28"]
[EventType "swiss (rapid)"]
[EventRounds "9"]
[EventCountry "GRE"]
[SourceTitle "CBM 182 Extra"]
[Source "ChessBase"]
[SourceDate "2018.02.23"]
[SourceVersion "1"]
[SourceVersionDate "2018.02.23"]
[SourceQuality "1"]

1. c4 Nf6 2. Nc3 c5 3. Nf3 d5 4. cxd5 Nxd5 5. g3 Nxc3 6. bxc3 g6 7. Bg2 Bg7 8. 0-0 0-0 9. d4 Nc6 10. Be3 Qa5 11. Qb3 Rd8 12. Ng5 e6 13. dxc5 Qxc3 14. Qxc3 Bxc3 15. Rad1 Nd4 16. Ne4 Nxe2+ 17. Kh1 Rxd1 18. Rxd1 Ba5 19. Bd2 Bc7 20. Nf6+ Kf8 21. c6 bxc6 22. Bb4+ Kg7 23. Ne8+ Kh6 24. Nxc7 1-0

[Event "Anogia op 6th"]
[Site "Anogia"]
[Date "2017.07.14"]
[Round "6"]
[White "Grammatikaki, Aggeliki"]
[Black "Themelis, Georgios"]
[Result "0-1"]
[WhiteElo "1623"]
[BlackElo "1922"]
[PlyCount "116"]
[EventDate "2017.07.10"]
[EventType "swiss"]
[EventRounds "9"]
[EventCountry "GRE"]
[SourceTitle "CBM 179 Extra"]
[Source "ChessBase"]
[SourceDate "2017.08.23"]
[SourceVersion "1"]
[SourceVersionDate "2017.08.23"]
[SourceQuality "1"]

1. c4 Nf6 2. Nf3 c5 3. Nc3 d5 4. cxd5 Nxd5 5. e4 Nb4 6. Ne5 Qd4 7. f4 Nd7 8. Bb5 a6 9. Bxd7+ Bxd7 10. a3 Nc6 11. Nxd7 Qxd7 12. 0-0 e6 13. b3 0-0-0 14. Qe1 Nd4 15. Rb1 Kb8 16. Qg3 h5 17. h3 h4 18. Qf2 c4 19. b4 Nb3 20. Qe2 Qd3 21. Qxd3 Rxd3 22. Rf3 Nxc1 23. Rxc1 Rxd2 24. e5 Be7 25. Rf2 Rhd8 26. Ne4 Rd1+ 27. Rf1 Rxf1+ 28. Kxf1 Rd4 29. Re1 b5 30. Kf2 Kb7 31. Kf3 Rd3+ 32. Re3 Rxe3+ 33. Kxe3 Kc6 34. Kd4 f5 35. Nc3 a5 36. a4 bxa4 37. bxa5 Bb4 38. Nxa4 Bxa5 39. Kxc4 Bd2 40. Nc5 Bxf4 41. Nxe6 Bxe5 42. Ng5 Bf6 43. Nf7 g6 44. Kd3 Kd5 45. Ke2 Ke6 46. Nh6 Bg5 47. Nxf5 Kxf5 48. Kf3 Bf4 49. Kf2 Bd6 50. Kf3 Bh2 51. Ke3 Bg1+ 52. Kf3 Kg5 53. Ke4 Bd4 54. Kf3 Kf5 55. g3 hxg3 56. Kxg3 Kg5 57. Kf3 Kh4 58. Kf4 Bf6 0-1

[Event "Skopje Karposh op"]
[Site "Skopje"]
[Date "2017.04.05"]
[Round "6"]
[White "Cossin, Sebastien"]
[Black "Themelis, Georgios"]
[Result "1-0"]
[WhiteElo "2499"]
[BlackElo "1895"]
[PlyCount "57"]
[EventDate "2017.04.01"]
[EventType "swiss"]
[EventRounds "9"]
[EventCountry "MKD"]
[SourceTitle "CBM 177 Extra"]
[Source "ChessBase"]
[SourceDate "2017.04.27"]
[SourceVersion "1"]
[SourceVersionDate "2017.04.27"]
[SourceQuality "1"]

1. c4 Nf6 2. Nc3 g6 3. e4 d6 4. d4 Bg7 5. h3 0-0 6. Bg5 c5 7. d5 Qa5 8. Bd3 Nxe4 9. Bxe4 Bxc3+ 10. bxc3 Qxc3+ 11. Bd2 Qe5 12. f3 f5 13. Ne2 fxe4 14. f4 Qh5 15. Qb3 e5 16. Ng3 Qh4 17. 0-0 b5 18. fxe5 Rf3 19. Rxf3 exf3 20. Qxf3 Qd4+ 21. Kh2 Bf5 22. Nxf5 Qxe5+ 23. Ng3 Qxa1 24. Bc3 Qc1 25. Qf6 Qh6 26. Qe6+ Kf8 27. Qxd6+ Kg8 28. Nf5 Qf8 29. Qe6+ 1-0

[Event "GRE-ch U16"]
[Site "Patras"]
[Date "2013.07.14"]
[Round "9.4"]
[White "Themelis, Georgios"]
[Black "Kalogeris, Ioannis"]
[Result "1/2-1/2"]
[WhiteElo "1702"]
[BlackElo "2008"]
[PlyCount "97"]
[EventDate "2013.07.08"]
[EventType "swiss"]
[EventRounds "9"]
[EventCountry "GRE"]
[SourceTitle "EXT 2024"]
[Source "ChessBase"]
[SourceDate "2023.10.10"]
[SourceVersion "1"]
[SourceVersionDate "2023.10.10"]
[SourceQuality "1"]

1. e4 d6 2. d4 g6 3. Nc3 c6 4. h3 Bg7 5. Nf3 b5 6. Bd3 Nd7 7. 0-0 b4 8. Ne2 Ngf6 9. Bf4 0-0 10. Qd2 a5 11. c3 Qb6 12. Ng3 Ne8 13. Bh6 e5 14. Bc4 Rb8 15. Bxg7 Kxg7 16. Qg5 f6 17. Qd2 Qc7 18. Bb3 c5 19. Rac1 Ba6 20. Rfd1 Nb6 21. cxb4 axb4 22. dxc5 dxc5 23. Nf1 Qe7 24. Ne3 Rc8 25. Nc4 Bxc4 26. Bxc4 Nxc4 27. Rxc4 Rf7 28. Qd5 Qa7 29. Rc2 Rcc7 30. Qc4 Rc6 31. Rcd2 Qc7 32. b3 Nd6 33. Qe2 Rb6 34. Rc2 Nb5 35. Rdc1 Nc3 36. Qc4 Rd7 37. a3 Rbd6 38. axb4 cxb4 39. Qxb4 Na2 40. Qa3 Rd1+ 41. Kh2 Nxc1 42. Rxc7 Rxc7 43. Qa5 Rb7 44. b4 Rdd7 45. Nxe5 fxe5 46. Qxe5+ Kg8 47. Qe8+ Kg7 48. Qe5+ Kg8 49. Qe8+ 1/2-1/2

[Event "GRE-ch U16"]
[Site "Patras"]
[Date "2013.07.09"]
[Round "2.12"]
[White "Themelis, Georgios"]
[Black "Tzouras, Ioannis"]
[Result "1-0"]
[WhiteElo "1702"]
[BlackElo "1322"]
[PlyCount "74"]
[EventDate "2013.07.08"]
[EventType "swiss"]
[EventRounds "9"]
[EventCountry "GRE"]
[SourceTitle "EXT 2024"]
[Source "ChessBase"]
[SourceDate "2023.10.10"]
[SourceVersion "1"]
[SourceVersionDate "2023.10.10"]
[SourceQuality "1"]

1. e4 e5 2. Nf3 Nf6 3. Nxe5 d6 4. Nf3 Nxe4 5. d4 d5 6. Bd3 Bd6 7. 0-0 0-0 8. c4 c6 9. Qc2 Nf6 10. Bg5 h6 11. Bh4 Be6 12. c5 Be7 13. b4 Nbd7 14. a4 Nh5 15. Bg3 Nxg3 16. hxg3 Bf6 17. Nbd2 Re8 18. Rab1 Nf8 19. Ne5 Bxe5 20. dxe5 Qg5 21. Nf3 Qh5 22. b5 Re7 23. bxc6 bxc6 24. Nd4 Rc7 25. f4 Bd7 26. Rb3 f6 27. exf6 gxf6 28. Rfb1 Qf7 29. Rb8 Rxb8 30. Rxb8 Be8 31. Nf5 Qe6 32. Nxh6+ Kg7 33. Nf5+ Kg8 34. Qd1 Bg6 35. Qg4 Rg7 36. Nh6+ Kh8 37. Rxf8+ Kh7 1-0

[Event "GRE-ch U16"]
[Site "Patras"]
[Date "2013.07.08"]
[Round "1.2"]
[White "Naoum, Spyridon"]
[Black "Themelis, Georgios"]
[Result "1-0"]
[WhiteElo "2207"]
[BlackElo "1702"]
[PlyCount "81"]
[EventDate "2013.07.08"]
[EventType "swiss"]
[EventRounds "9"]
[EventCountry "GRE"]
[SourceTitle "EXT 2024"]
[Source "ChessBase"]
[SourceDate "2023.10.10"]
[SourceVersion "1"]
[SourceVersionDate "2023.10.10"]
[SourceQuality "1"]

1. d4 Nf6 2. c4 g6 3. Nf3 Bg7 4. Nc3 0-0 5. g3 d6 6. Bg2 Nbd7 7. 0-0 e5 8. dxe5 Nxe5 9. Nd2 c6 10. b3 Be6 11. Bb2 Qd7 12. Qc2 Bh3 13. Rad1 Bxg2 14. Kxg2 Nh5 15. Nde4 Qg4 16. f3 Qf5 17. Qc1 Rfd8 18. Nxd6 Qe6 19. Nxb7 Rxd1 20. Rxd1 Bf8 21. Ba3 Bg7 22. Nc5 Qe8 23. N5e4 f5 24. Nf2 f4 25. Nce4 fxg3 26. hxg3 Nf6 27. Nxf6+ Bxf6 28. Bb2 Qe7 29. Bxe5 Bxe5 30. Ne4 Rd8 31. Rxd8+ Qxd8 32. Qd2 Qxd2 33. Nxd2 Kf7 34. Ne4 h6 35. f4 Bd4 36. Kf3 Ke6 37. Nf2 a5 38. Nd3 Kf5 39. e3 Bb6 40. Ne5 c5 41. g4+ 1-0

[Event "GRE-chT 40th"]
[Site "Achaia"]
[Date "2012.06.30"]
[Round "1.6"]
[White "Kouros, Ahileas"]
[Black "Themelis, Georgios"]
[Result "1-0"]
[WhiteElo "1439"]
[BlackElo "1729"]
[PlyCount "77"]
[EventDate "2012.06.30"]
[EventType "team-swiss"]
[EventRounds "7"]
[EventCountry "GRE"]
[SourceTitle "CBM 149 Extra"]
[Source "ChessBase"]
[SourceDate "2012.08.24"]
[SourceVersion "1"]
[SourceVersionDate "2012.08.24"]
[SourceQuality "1"]
[WhiteTeam "Pan GA"]
[BlackTeam "Thessaloniki"]
[WhiteTeamCountry "GRE"]
[BlackTeamCountry "GRE"]

1. e4 e5 2. Nf3 Nc6 3. Nc3 Nf6 4. Bb5 Nd4 5. Nxd4 exd4 6. Nd5 c6 7. Nxf6+ Qxf6 8. Bc4 Bd6 9. d3 0-0 10. a4 Bc7 11. 0-0 Rd8 12. Bd2 d5 13. exd5 cxd5 14. Bb3 Qd6 15. Qh5 Be6 16. f4 g6 17. Qg5 Qd7 18. Qf6 Bb6 19. f5 Bc5 20. Bh6 Bf8 21. Bxf8 Rxf8 22. fxe6 Qxe6 23. Qxd4 Rad8 24. Qxa7 Qc6 25. Qf2 Rd7 26. Rae1 Rfd8 27. Qf6 Qc7 28. Re3 Rd6 29. Qf4 R8d7 30. Re8+ Kg7 31. Rfe1 Qb6+ 32. Qe3 Qc7 33. Qe5+ f6 34. Re7+ Kf8 35. Rxd7 Qxd7 36. Qe3 Kf7 37. Qh6 Kg8 38. Qe3 Kf7 39. c4 1-0

[Event "GRE-chT 37th"]
[Site "Kallithea"]
[Date "2009.07.05"]
[Round "3"]
[White "Themelis, Georgios"]
[Black "Naoum, Spyridon"]
[Result "1-0"]
[WhiteElo "1618"]
[BlackElo "1792"]
[PlyCount "61"]
[EventDate "2009.07.03"]
[EventType "team-tourn"]
[EventRounds "9"]
[EventCountry "GRE"]
[SourceTitle "CBM 131 Extra"]
[Source "ChessBase"]
[SourceDate "2009.09.03"]
[SourceVersion "2"]
[SourceVersionDate "2009.09.16"]
[SourceQuality "1"]

1. e4 c5 2. Nc3 Nc6 3. f4 g6 4. Nf3 Bg7 5. Bb5 Nd4 6. Bc4 e6 7. d3 Ne7 8. Nxd4 Bxd4 9. Ne2 Bg7 10. 0-0 d5 11. Bb5+ Bd7 12. Bxd7+ Qxd7 13. Qe1 0-0 14. h3 b5 15. g4 f5 16. Ng3 c4 17. e5 cxd3 18. cxd3 Rac8 19. Bd2 d4 20. Qd1 fxg4 21. hxg4 Nd5 22. Ne4 Rc7 23. Rf2 Ne3 24. Bxe3 dxe3 25. Rf3 Qd4 26. Qe2 Rfc8 27. Qxe3 Qxb2 28. Raf1 Rc2 29. R3f2 Qxa2 30. Nd6 R8c5 31. Qxc5 1-0

[Event "GRE-chT 37th"]
[Site "Kallithea"]
[Date "2009.07.04"]
[Round "1"]
[White "Themelis, Georgios"]
[Black "Vlahakis, Nektarios"]
[Result "1-0"]
[WhiteElo "1618"]
[BlackElo "2102"]
[PlyCount "95"]
[EventDate "2009.07.03"]
[EventType "team-tourn"]
[EventRounds "9"]
[EventCountry "GRE"]
[SourceTitle "CBM 131 Extra"]
[Source "ChessBase"]
[SourceDate "2009.09.03"]
[SourceVersion "2"]
[SourceVersionDate "2009.09.16"]
[SourceQuality "1"]

1. e4 e5 2. Nf3 Nf6 3. Nxe5 d6 4. Nf3 Nxe4 5. Nc3 Nxc3 6. dxc3 Be7 7. Bf4 Nd7 8. Qd2 0-0 9. 0-0-0 Bf6 10. h3 Nc5 11. Bd3 Be6 12. Kb1 Qd7 13. g4 g6 14. Nd4 a6 15. Nxe6 fxe6 16. Be3 b6 17. g5 Bg7 18. h4 Qc6 19. h5 Ne4 20. Qe1 Bxc3 21. Bxe4 Qxe4 22. Qxc3 c5 23. hxg6 Qxg6 24. Rh6 Qe4 25. Rdh1 Ra7 26. Qd3 Qxd3 27. cxd3 Raf7 28. Rxe6 d5 29. d4 cxd4 30. Bxd4 Rf4 31. Bxb6 d4 32. Rf6 Rxf2 33. Bxd4 R2xf6 34. Bxf6 a5 35. Rd1 a4 36. Rd7 Rf7 37. Rd8+ Rf8 38. Rxf8+ Kxf8 39. Kc2 Kf7 40. Kc3 h5 41. gxh6 Kxf6 42. h7 Kg7 43. h8Q+ Kxh8 44. Kb4 Kg8 45. Kxa4 Kf8 46. Kb5 Ke8 47. Kb6 Kd8 48. Kb7 1-0